| 000 | 00502nmm a2200157Ia 4500 | ||
|---|---|---|---|
| 008 | 251105s9999||||xx |||||||||||||||||und|| | ||
| 020 | _a1882528387 | ||
| 041 | _aeng | ||
| 100 | _aMoss Jackson, Edith | ||
| 245 | 0 | _aMyth And Meaning: A Paradigmatic Analysis Of Galdós's Fortunata y Jacinta | |
| 264 |
_a[Washington, Estados Unidos] : _bScripta Humanistica, _c2002 |
||
| 300 | _a200 páginas | ||
| 650 | _aSpanish literature | ||
| 856 | _uhttps://public.digitaliapublishing.com/a/243 | ||
| 942 | _cCF | ||
| 999 |
_c73012 _d73012 |
||